MARC

LEADER 00000nas a2200000 a 4500
001 ssj0001965
003 WaSeSS
005 20200512172242.0
006 m d
007 cr n
008 951212c19679999mduqr pss o 0 a0eng c
010 |a sn 95006663   |z sn 99023403  
016 7 |a 1480886-9  |2 DE-600 
022 |a 1086-315X  |l 0013-2586  |y 0013-2586 
035 |a (WaSeSS)ssj0001965 
040 |a NSD  |b eng  |c NSD  |d OCL  |d NSD  |d GUA  |d WAU  |d OCL  |d IUL  |d OCL  |d GUA  |d OCLCQ  |d MUQ  |d OCL  |d IUL  |d OCLCQ  |d OCLCO  |d OCLCQ  |d OCLCF  |d OCLCO  |d EUW  |d OCLCO  |d OCLCQ  |d OCL  |d DEBBG  |d OCLCQ  |d VT2  |d NJT  |d CNMTR  |d WaSeSS 
042 |a nsdp  |a pcc 
050 1 4 |a NX452 
082 1 0 |a 700  |2 12 
130 0 |a Eighteenth-century studies (Online) 
210 0 |a Eighteenth-century stud.  |b (Online) 
222 0 |a Eighteenth-century studies  |b (Online) 
245 1 0 |a Eighteenth-century studies  |h [electronic resource]. 
260 |a Baltimore, Md. :  |b Johns Hopkins University Press 
310 |a Quarterly 
362 1 |a Print began fall 1967. 
506 |a License restrictions may limit access. 
538 |a Mode of access: World Wide Web. 
550 |a Issued on behalf of: American Society for Eighteenth-Century Studies. 
588 |a Description based on: 29.1 (fall 1995); title from title screen. 
588 |a Latest issue consulted: 29.4 (summer 1996). 
648 7 |a 1700-1799  |2 fast 
650 0 |a Arts  |v Periodicals. 
650 0 |a Civilization, Modern  |y 18th century  |v Periodicals. 
650 6 |a Arts  |v Périodiques. 
650 6 |a Civilisation  |y 18e siècle  |v Périodiques. 
650 7 |a Arts.  |2 fast  |0 (OCoLC)fst00817721 
650 7 |a Civilization, Modern.  |2 fast  |0 (OCoLC)fst00863073 
655 0 |a Electronic journals. 
710 2 |a American Society for Eighteenth-Century Studies. 
776 1 |t Eighteenth-century studies  |x 0013-2586  |w (DLC) 72029668  |w (OCoLC)1567675 
856 4 0 |z Full text available from Research Library: 10/01/2002 to 1 year ago  |u https://search.proquest.com/publication/25227